000 00955nam a2200301 a 4500
005 20260327064204.0
008 030127s2000 sp r 000 0 spa d
020 _a8474327245
035 _aUPN01000121642
040 _aUPN
_bspa
_cUPN
041 1 _aspa
_heng
049 _aCG
050 4 _aLB2369
_bW3.38
100 1 _aWalker, Melissa
240 1 _a Writing research papers.
_l Español
245 1 0 _aCómo escribir trabajos de investigación /
_cMelissa Walker ; tr. José A. Alvarez.
250 _a1a ed.
260 _aBarcelona, España :
_bGedisa,
_cc2000.
300 _a473 p.
440 0 _aBiblioteca de educación.
_pHerramientas universitarias ;
_v3
500 _aTraducción de: Writing research papers.
504 _a Incluye índice.
650 4 _aRedacción de informes
_912161
650 4 _aInvestigación
_xMetodología
_95209
700 1 _943705
_a Alvarez, José Angel
_etraductor
905 _aLibro
942 _2lcc
_cLIBRO
999 _c93863
_d93863